No shortcut to success : (Record no. 9551)

MARC details
000 -LEADER
fixed length control field 01542cam a2200373 i 4500
001 - CONTROL NUMBER
control field 21960558
003 - CONTROL NUMBER IDENTIFIER
control field GBCCL
005 - DATE AND TIME OF LATEST TRANSACTION
control field 20241126110714.0
008 - FIXED-LENGTH DATA ELEMENTS--GENERAL INFORMATION
fixed length control field 210326s2022 ilu b 001 0 eng
010 ## -
-- 2021014534
020 ## - INTERNATIONAL STANDARD BOOK NUMBER
International Standard Book Number 9781433577758
Qualifying information (paperback)
020 ## - INTERNATIONAL STANDARD BOOK NUMBER
Canceled/invalid ISBN 9781433577765
Qualifying information (pdf)
020 ## - INTERNATIONAL STANDARD BOOK NUMBER
Canceled/invalid ISBN 9781433577772
Qualifying information (mobipocket)
020 ## - INTERNATIONAL STANDARD BOOK NUMBER
Canceled/invalid ISBN 9781433577789
Qualifying information (epub)
040 ## - CATALOGING SOURCE
Original cataloging agency DLC
Language of cataloging eng
Transcribing agency DLC
Description conventions rda
Modifying agency DLC
042 ## -
-- pcc
050 00 -
-- BV2061.3
-- .R475 2022
082 00 - DEWEY DECIMAL CLASSIFICATION NUMBER
Classification number 266
Edition information 23
Item number RHO
100 1# - MAIN ENTRY--PERSONAL NAME
Personal name Rhodes, Matt,
Dates associated with a name 1979-
Relator term author.
9 (RLIN) 16616
245 10 - TITLE STATEMENT
Title No shortcut to success :
Remainder of title a manifesto for modern missions /
Statement of responsibility, etc. Matt Rhodes ; foreword by Mark Dever.
264 #1 - PRODUCTION, PUBLICATION, DISTRIBUTION, MANUFACTURE, AND COPYRIGHT NOTICE
Place of production, publication, distribution, manufacture Wheaton, Illinois :
Name of producer, publisher, distributor, manufacturer Crossway,
Date of production, publication, distribution, manufacture, or copyright notice 2022.
300 ## - PHYSICAL DESCRIPTION
Extent 270 pages ;
Dimensions 22 cm.
336 ## - CONTENT TYPE
Content type term text
Content type code txt
Source rdacontent
337 ## - MEDIA TYPE
Media type term unmediated
Media type code n
Source rdamedia
338 ## - CARRIER TYPE
Carrier type term volume
Carrier type code nc
Source rdacarrier
490 0# - SERIES STATEMENT
Series statement 9Marks
504 ## - BIBLIOGRAPHY, ETC. NOTE
Bibliography, etc. note Includes bibliographical references and index.
520 ## - SUMMARY, ETC.
Summary, etc. "A practical discussion of methods for Christian missionaries, recommending a return to traditional methods"--
Assigning source Provided by publisher.
650 #0 - SUBJECT ADDED ENTRY--TOPICAL TERM
Topical term or geographic name entry element Missions.
9 (RLIN) 885
776 08 - ADDITIONAL PHYSICAL FORM ENTRY
Relationship information Online version:
Main entry heading Rhodes, Matt, 1979-
Title No shortcut to success
Place, publisher, and date of publication Wheaton, Illinois : Crossway, 2022
International Standard Book Number 9781433577765
Record control number (DLC) 2021014535
906 ## - LOCAL DATA ELEMENT F, LDF (RLIN)
a 7
b cbc
c orignew
d 1
e ecip
f 20
g y-gencatlg
942 ## - ADDED ENTRY ELEMENTS (KOHA)
Source of classification or shelving scheme Dewey Decimal Classification
Koha item type Books
Holdings
Withdrawn status Lost status Source of classification or shelving scheme Damaged status Not for loan Home library Current Library Shelving location Date acquired Total checkouts Full call number Barcode Date last seen Copy number Price effective from Koha item type
    Dewey Decimal Classification     GRACE BIBLE COLLEGE GRACE BIBLE COLLEGE Ministry & Mission 2023-03-14   266 RHO 016049 2025-05-01 c.1 2023-03-14 Books
© Grace Bible College Library 2025